The betrayal of the intellectuals (La trahison des clercs) / (Record no. 21539)

MARC details
000 -LEADER
fixed length control field 00801cam a22002652 4500
001 - CONTROL NUMBER
control field 7925234
003 - CONTROL NUMBER IDENTIFIER
control field BDDh-ASL
005 - DATE AND TIME OF LATEST TRANSACTION
control field 20231015030013.0
008 - FIXED-LENGTH DATA ELEMENTS--GENERAL INFORMATION
fixed length control field 911219s1955 mau 000 0 eng
010 ## - LIBRARY OF CONGRESS CONTROL NUMBER
LC control number 55013791
040 ## - CATALOGING SOURCE
Original cataloging agency DLC
Transcribing agency DLC
Modifying agency DLC
-- BDDh-ASL
041 1# - LANGUAGE CODE
Language code of text/sound track or separate title eng
Language code of original fre
050 10 - LIBRARY OF CONGRESS CALL NUMBER
Classification number HM213
082 ## - DEWEY DECIMAL CLASSIFICATION NUMBER
Classification number 323.44
Item number BEB
100 1# - MAIN ENTRY--PERSONAL NAME
Personal name Benda, Julien,
Dates associated with a name 1867-1956.
240 00 - UNIFORM TITLE
Uniform title Trahison des clercs.
Language of a work English
245 14 - TITLE STATEMENT
Title The betrayal of the intellectuals (La trahison des clercs) /
Statement of responsibility, etc. Translated by Richard Aldington. Introd. by Herbert Read.
260 ## - PUBLICATION, DISTRIBUTION, ETC.
Place of publication, distribution, etc. Boston:
Name of publisher, distributor, etc. Beacon Press
Date of publication, distribution, etc. [1955]
300 ## - PHYSICAL DESCRIPTION
Extent 188 p.
Dimensions 21 cm.
650 #0 - SUBJECT ADDED ENTRY--TOPICAL TERM
Topical term or geographic name entry element Intellectuals.
650 #0 - SUBJECT ADDED ENTRY--TOPICAL TERM
Topical term or geographic name entry element Nationalism.
650 #0 - SUBJECT ADDED ENTRY--TOPICAL TERM
Topical term or geographic name entry element Philosophy, Modern.
906 ## - LOCAL DATA ELEMENT F, LDF (RLIN)
a 0
b cbc
c premver
d u
e ncip
f 19
g y-gencatlg
942 ## - ADDED ENTRY ELEMENTS (KOHA)
Source of classification or shelving scheme Dewey Decimal Classification
Koha item type Books
Holdings
Withdrawn status Lost status Source of classification or shelving scheme Damaged status Not for loan Collection code Home library Current library Shelving location Date acquired Source of acquisition Total Checkouts Full call number Barcode Date last seen Copy number Price effective from Koha item type Public note
    Dewey Decimal Classification   Not For Loan Non-fiction Asiatic Society Library Asiatic Society Library General Stacks 02/04/2021 Donated by Prof. Husniara Huq   323.44 BEB 105264 02/04/2021 C-1 02/04/2021 Books RARE

Powered by Koha